LEADER 00964nas a2200253 i 4500 001 000000155130 003 CaOOAMICUS 005 20070201000000.0 008 061102b2006 ne uu u0 0mul r 013 $a132479 040 $aSeMil$bita 245 10$a[2006 : 3]. 260 $aLeiden ; Boston :$bBrill,$ccopyr. 2006. 300 $aP. [251]-404 :$b[11] p. di tav. ;$c24 cm. 500 $aArticoli con sintesi in inglese [Summary] in testa. 700 1 $aThomassen, Einar.$0(OLS)http://semarc/name/42333 700 1 $aBenavides, Gustavo.$0(OLS)http://semarc/name/42332 773 0 $tNumen.$dLeiden : E. J. Brill, 1954.$x0029-5973$w()2539 774 0 $t[vedi periodico].$w()265268 850 $aSeMil 852 $aSeMil$W1$xVenegono$y1$m181 5 58$j106981$B106981$CSeMilBibl$Z2$F119501 $85 961 $aAbbonamento: Brill 996 $6245$a[2006 : 3]$9(OLS)http://semarc/title/227170 996 $6260$aLeiden ; Boston :$bBrill$9(OLS)http://semarc/publisher/39473 LEADER 00949nam a2200217 i 4500 001 000000247636 003 CaOOAMICUS 005 20160127000000.0 008 160127s1891 it u000 u ita u 013 $a226541 040 $aSeMil$bita 100 1 $aCepari, Virgilio <1564-1631>.$0(OLS)http://semarc/name/28739 245 10$aVita di San Luigi Gonzaga D.C.D.G. /$cdescritta dal p. Virgilio Cepari. 250 $aNuova edizione copiosamente annotata. 260 $aEinsiedeln :$bBenziger & Co.,$c1891. 300 $aXXVI, 414 p., [12] c. di tav., di cui 5 ripieg. :$bill., facs. ;$c23 cm. 600 04$aGonzaga, Luigi .$0(OLS)http://semarc/subject/8735 850 $aSeMil 852 $aSeMil$W1$xVenegono$y1$m3H IV 70 FA$j197982$B197982$CSeMilBibl$Z2$F209231 $8I 996 $6245$aVita di San Luigi Gonzaga D.C.D.G.$9(OLS)http://semarc/title/275419 996 $6260$aEinsiedeln :$bBenziger & Co.$9(OLS)http://semarc/publisher/49734